Culture générale thèmes mélangés #4 - Statistiques

Statistiques générales
  • Ce quiz a été pris 299 fois
  • Le résultat moyen est 10 sur 15
Statistiques - réponses
Hint Réponse % Correct
Roi surnommé le Roi-Soleil Louis XIV
97%
Pays le plus petit du monde Vatican
85%
Pays vainqueur de la coupe du monde de football 2010 Espagne
84%
Capitale de la Suède Stockholm
84%
Auteur de l’Iliade et l'Odyssée Homère
83%
Nombre de paires de chromosomes d'un humain sans anomalie 23
80%
Dieu de la guerre dans la mythologie grecque Arès
68%
Athlète le plus titré des JO Michael Phelps
68%
Rôle de Abraracourcix dans le village d'Astérix et Obélix Chef du village
65%
Athos, Porthos et ... Aramis
64%
Première mission spatiale humaine à se poser sur la Lune Apollo 11
62%
Album de musique le plus vendu de l'histoire Thriller
61%
Dernier pays à rejoindre l'Union Européenne en 2013 Croatie
54%
Mot désignant un belle-même cruelle Marâtre
49%
Animal le plus rapide du monde Faucon pèlerin
35%
Aucun quiz correspondant
Distribution des résultats
% des personnes avec chaque résultat
Percentile par nombre de réponses
Votre historique - résultats
Vous n’avez pas pris ce quiz